| 000 | 00458nam a2200181Ia 4500 | ||
|---|---|---|---|
| 001 | 28250 | ||
| 003 | IN-NITTTR | ||
| 005 | 20251114233350.0 | ||
| 008 | 251113s9999||||xx |||||||||||||| ||eng|| | ||
| 040 | _beng | ||
| 040 | _cIN-NITTTR | ||
| 041 | _aeng | ||
| 082 | _a305.4 S78W | ||
| 100 | _aSetty, E. D. | ||
| 245 | 0 |
_aWomen empowerment through entrepreneurship / _cSetty, E. D., Moorthy, P. Krishna |
|
| 700 | _a Moorthy, P. Krishna | ||
| 942 |
_2ddc _cBK |
||
| 999 |
_c30878 _d30878 |
||